Residències de gent gran : respostes a les teves preguntes respostes a les teves preguntes
Publicado:
Barcelona :
Diputació de Barcelona. Àrea de Salut Pública i Consum. Xarxa Local de Consum ,
2007
Descripción Física:
1 carpeta ; 22 x 31 cm + 1 díptic + 1 tríptic + 2 fulletons (11 p.) + 1 CD-ROM
Materias:
Residències de persones grans
MARC
| LEADER | 00000nam a2200000Ia 4500 | ||
|---|---|---|---|
| 001 | 21134 | ||
| 008 | 160829s2007 xx 000 0 cat d | ||
| 080 | |a FU-28-14 | ||
| 245 | |a Residències de gent gran : |b respostes a les teves preguntes | ||
| 260 | |a Barcelona : |b Diputació de Barcelona. Àrea de Salut Pública i Consum. Xarxa Local de Consum, |c 2007 | ||
| 300 | |a 1 carpeta ; |c 22 x 31 cm + 1 díptic + 1 tríptic + 2 fulletons (11 p.) + 1 CD-ROM | ||
| 590 | |a A la coberta: En defensa dels consumidors, fem un bon equip. | ||
| 590 | |a Al díptic: Dossier de presentació. | ||
| 590 | |a Els fulletons porten el títol: Guia de l'usuari (11 p.) i Residències per a gent gran a la província de Barcelona, guia tècnica (46 p.). | ||
| 590 | |a El CD-ROM es troba al R. 21613 | ||
| 650 | 0 | |a Residències de persones grans |9 43170 | |
| 710 | 1 | |a Barcelona (Catalunya : Província). |b Xarxa Local de Consum |9 52772 | |
| 901 | |a Arxiu | ||
| 942 | |n 1 | ||
| 952 | |0 0 |1 0 |4 0 |6 FU2814 |7 1 |9 51246 |a Arxiu |b Arxiu |d 2016-12-01 |l 0 |o FU-28-14 |p 21134 |r 2016-12-01 00:00:00 |w 2016-12-01 |y ARXIU | ||
| 999 | |c 55089 |d 55089 | ||